| 000 | 00584nam a2200241 a 4500 | ||
|---|---|---|---|
| 001 | nice12345678 | ||
| 003 | IN_TiNIC | ||
| 005 | 20260116012523.0 | ||
| 008 | 050524s1978 dela grp 000 0 urd | ||
| 020 |
_a _c2 |
||
| 082 | 0 | 0 |
_a297.409 _bRAO |
| 100 | _aRaoof, Amrohi | ||
| 245 | _aApne Zaban Se Main | ||
| 260 |
_aDelhi _bMatbua Kohinoor Press _c1978 |
||
| 300 | _a80p | ||
| 500 | _aincludes index and biblioraphy | ||
| 505 | 2 | _akaliyan series number 24. | |
| 650 | _aSufism-Hagiography | ||
| 700 | 1 | _aRaoof, Amrohi | |
| 902 | _bSRS | ||
| 942 | _cBK | ||
| 999 |
_c7332 _d7332 |
||